00341nam a2200145Ia 4500008004100000100000700041245002000048250000900068260003100077300000700108650001300115942000900128999001500137952004300152220613s9999||||xx |||||||||||||| ||und|| axx 0aAdvanced Cancer a1979 bNational Cancer Institute a30 aOncology cSURG c1331d1331 00104070aCLbCLl0pCL0001639ySURG